INDIAN HERBAL DRUG MICROSCOPY (Record no. 34891)

MARC details
000 -LEADER
fixed length control field 00408nam a22001697a 4500
003 - CONTROL NUMBER IDENTIFIER
control field SGT
020 ## - INTERNATIONAL STANDARD BOOK NUMBER
International Standard Book Number 9781493947270
082 ## - DEWEY DECIMAL CLASSIFICATION NUMBER
Classification number 615.321
Item number I14G
100 ## - MAIN ENTRY--PERSONAL NAME
Personal name GURAV, SHAILENDRA.S,ed.
245 ## - TITLE STATEMENT
Title INDIAN HERBAL DRUG MICROSCOPY
260 ## - PUBLICATION, DISTRIBUTION, ETC. (IMPRINT)
Place of publication, distribution, etc NEW YORK
Name of publisher, distributor, etc SPRINGER
Year of Publication 2014
300 ## - PAGE DESCRIPTION
No. of Pages 207
650 ## - SUBJECT ADDED ENTRY--TOPICAL TERM
Topical term or geographic name as entry element HERBAL DRUG
653 ## - KEYWORDS--INDEX TERM
Keyword term INDIAN, HERBAL, DRUG, MICROSCOPY
942 ## - ADDED ENTRY ELEMENTS (KOHA)
Source of classification or shelving scheme Dewey Decimal Classification
Koha item type Books
Holdings
Withdrawn status Lost status Source of classification or shelving scheme Damaged status Use restrictions Not for loan Collection code Home library Current library Shelving location Date acquired Vendor Name SGTU Bill Number Total Checkouts Full call number Accession No. (Barcode) Date last seen Bill Date Koha item type
    Dewey Decimal Classification   Restricted Access   PHARMACY SGT FA-FP Library SGT FA-FP Library Reference Book 25/05/2026 A.B.C. PVT.LTD SGTU 23032   615.321 I14G FP5662 25/05/2026 19/05/2026 Books